Empoli FC Squad 2024-2025 - Statistics

General Stats
  • This quiz has been taken 177 times
    86 since last reset
  • The average score is 19 of 32
Answer Stats
# Position Nation Player % Correct
23 GK Colombia Devis Vásquez
89%
99 FW Italy Sebastiano Esposito
89%
6 MF Scotland Liam Henderson
88%
13 DF New Zealand Liberato Cacace
84%
29 FW Italy Lorenzo Colombo
84%
34 DF Albania Ardian Ismajli
82%
2 DF Georgia Saba Goglichidze
77%
11 FW Ghana Emmanuel Gyasi
75%
10 MF Italy Jacopo Fazzini
75%
8 MF England Tino Anjorin
75%
- Coach Italy Roberto D'Aversa
70%
17 FW Norway Ola Solbakken
68%
27 MF Poland Szymon Żurkowski
68%
18 FW Ivory Coast Christian Kouamé
67%
1 GK Italy Marco Silvestri
63%
93 MF Morocco Youssef Maleh
63%
3 DF Italy Giuseppe Pezzella
60%
35 DF Italy Luca Marianucci
60%
20 MF Ukraine Viktor Kovalenko
60%
5 MF Italy Alberto Grassi
58%
21 DF Italy Mattia Viti
58%
24 DF Nigeria Tyronne Ebuehi
58%
9 FW Italy Pietro Pellegri
51%
32 MF Switzerland Nicolas Haas
49%
22 DF Italy Mattia De Sciglio
46%
7 DF France Junior Sambia
44%
15 DF Georgia Saba Sazonov
44%
1 GK Italy Samuele Perisan
39%
12 GK Italy Jacopo Seghetti
35%
19 FW Sweden Emmanuel Ekong
19%
98 GK Italy Federico Brancolini
18%
16 MF Italy Luca Belardinelli
2%
No matching quizzes found
Score Distribution
Percent of People with Each Score
Percentile by Number Answered
Your Score History
You have not taken this quiz since the last reset